Sports Quiz

Random Sports or WWE Quiz

WrestleMania stars who never won gold Quiz Stats

 Plays Quiz not verified by Sporcle

Challenge
Share
Tweet
Embed
Score 0/144 Timer 15:00
0 Plays Today
First WrestleMania match % Correct
IKing Kong Bundy
62.6%
IIJake 'The Snake' Roberts
57.8%
IMr. T
57.5%
IPaul Orndorff
54.9%
IDoink the Clown
51.8%
VThe Red Rooster
50.4%
XXXTamina Snuka
50.3%
ISpecial Delivery Jones
48.7%
IVBam Bam Bigelow
48.2%
VIJimmy Snuka
47.5%
XILawrence Taylor
46.8%
IIIButch Reed
45.1%
IIHercules Hernandez
44.9%
IJunkyard Dog
44.7%
IIIBob Orton
43.6%
IV'Hacksaw' Jim Duggan
43.3%
IIHillbilly Jim
43%
IIIKoko B. Ware
41.2%
IVOne Man Gang
41.1%
XXVIIJerry Lawler
40.2%
VThe Barbarian
39.5%
VThe Warlord
39.4%
IVBad News Brown
39.1%
IXLex Luger
38.4%
VIIITatanka
38.2%
XXIIIThe Sandman
37.6%
IVBobby 'The Brain' Heenan
37.4%
IThe Executioner
37.2%
VIIVirgil
36.8%
IXGiant Gonzalez
36.5%
VIDusty Rhodes
36.4%
IIGeorge 'The Animal' Steele
36%
IIBrian Blair
34.9%
IIIThe Haiti Kid
34.4%
IIWilliam Perry
34.3%
IDavid Sammartino
34%
IIJim Brunzell
33.9%
IVPaul Roma
33.9%
XXXISting
33.8%
IIDory Funk
33.7%
VBushwhacker Luke
33.7%
VBushwhacker Butch
33.5%
VITanaka
31.3%
XXXIIAdam Rose
31.1%
IIIRaymond Rougeau
30.5%
IIIHarley Race
30.4%
IIIDanny Davis
29.9%
XXIVFloyd Mayweather
29.1%
First WrestleMania match % Correct
XXIXFandango
28.6%
XIIVader
28.5%
IIITom Zenk
28.3%
XIISavio Vega
28.3%
IIILittle Beaver
28.2%
VIIISkinner
27.8%
XDink the Clown
27.5%
VISato
27.5%
XXIIISabu
27.2%
XXXCameron
27%
XVIIKim Chee
27%
XVIIKamala
26.4%
IIIBilly Jack Haynes
26%
IIGeorge Wells
25.7%
XIXTorrie Wilson
25%
XLuna Vachon
24.7%
IIILittle Tokyo
24.3%
IIUncle Elmer
24.1%
XXXEva Marie
23.9%
VISapphire
23.6%
IIILord Littlebrook
23.3%
IVJim Powers
23.1%
XXIAkebono
23%
IVBoris Zhukov
22.8%
IVTama
22.7%
XIXStacy Keibler
22.5%
XXXIIIBig Cass
21.7%
XXIIIElijah Burke
21.5%
XXXAksana
21.3%
XXXEmma
21.2%
XXXIVRonda Rousey
20.5%
XIEli Blu (and 8 Ball)
20.5%
XXVSunny
20.4%
XXXSummer Rae
20.1%
XIJacob Blu (or Skull)
19.9%
IVRon Bass
19.6%
XXXBrodus Clay
19.6%
VIITenryu
19.6%
XXIIIMarcus Cor Von
19.4%
XAdam Bomb
19.3%
XXIIChris Masters
19.3%
VRonnie Garvin
19%
XXVIIMichael Cole
18.8%
IIBill Fralic
18.8%
XXUltimo Dragon
18.7%
XVIIMichael Hayes
18.6%
XVTori
18.5%
IVSam Houston
18.3%
First WrestleMania match % Correct
XXIVMaria
18.3%
XXIIIKevin Thorn
18.2%
XXVIVickie Guerrero
18%
XXXYoshi Tatsu
18%
XVIIJim Cornette
17.9%
XVIIThe Goon
17.8%
XXVIIIMaria Menounos
17.7%
XIVChainz
17.6%
IICorporal Kirchner
17.4%
XVIIDuke Droese
17.3%
XXXIITyler Breeze
17.2%
XIIIDoug Furnas
16.9%
XIIIPhil LaFon
16.9%
XXVIINicole 'Snooki' Polizzi
16.9%
XVButterbean
16.8%
XXIIIMatt Striker
16.8%
XXIISharmell
16.8%
XXMark Jindrak
16.4%
XVIIGobbledy Gooker
16%
XXIChristy Hemme
15.9%
XXIIIAshley
15.8%
XXIIThe Boogeyman
15.7%
VIIKitao
15.3%
IIHarvey Martin
15%
XXAkio
14.9%
XXShannon Moore
14.9%
IIDan Spivey
14.6%
XVIIBrother Love
14.3%
IITed Arcidi
14.3%
XXXBrad Maddox
13.9%
IIRuss Francis
13.7%
XXXIIShaquille O'Neal
13.6%
XXMiss Jackie
13.6%
XIVRicky Morton
12.7%
IIErnie Holmes
12.3%
XIVRobert Gibson
12.3%
XXVRosa Mendes
11.8%
XIVMiguel Perez Jr.
11.5%
XIVJose Estrada Jr.
11%
IIJimbo Covert
10.8%
XIVJesus Castillo
10.7%
XIVSniper
10.3%
XXVJoy Giovanni
8.8%
XIVFlash Funk
8.7%
XXVKatie Lea Burchill
7.4%
XXVTiffany
7%
XIXKitana Baker
5%
XIXTanya Ballinger
3.8%

You're not logged in!

Compare scores with friends on all Sporcle quizzes.
OR
Log In

You Might Also Like...

Show Comments

Extras

Top Quizzes Today


Score Distribution

Your Account Isn't Verified!

In order to create a playlist on Sporcle, you need to verify the email address you used during registration. Go to your Sporcle Settings to finish the process.

Report this User

Report this user for behavior that violates our Community Guidelines.

Details: